[Event "Campeonato de España Universitario 2011"]
[Site "Alicante ESP"]
[Date "2011.05.10"]
[Round "8.5"]
[White "Camacho Collados, Marcos"]
[Black "Rubio Mejia, Luis Ignacio"]
[Result "0-1"]
[WhiteElo "2376"]
[BlackElo "2403"]
[PlyCount "108"]
[EventDate "2011.05.09"]
[EventType "swiss"]
[EventRounds "9"]
[EventCountry "ESP"]
[Source "lmi"]
[SourceDate "2011.05.09"]

1. e4 c5 2. Nf3 d6 3. d4 cxd4 4. Nxd4 Nf6 5. Nc3 a6 6. Be2 e5 7. Nb3 Be7 8. O-O
O-O 9. Re1 Be6 10. Bf1 Nbd7 11. Nd5 Nxd5 12. exd5 Bf5 13. a4 a5 14. c3 Bg5 15.
Bxg5 Qxg5 16. Nd2 Bg4 17. f3 Bh5 18. Ne4 Qe7 19. Qd2 Bg6 20. Bb5 Bxe4 21. fxe4
f5 22. exf5 Rxf5 23. Bd3 Rf7 24. Qc2 g6 25. Rf1 Raf8 26. Rxf7 Rxf7 27. b4 Qd8
28. Kh1 Kg7 29. Rb1 Nf6 30. bxa5 Qxa5 31. Rb5 Qa7 32. h3 Nh5 33. Kh2 Qe3 34.
Qd1 Qg3+ 35. Kh1 Nf4 36. Be4 Nxh3 37. gxh3 Qxh3+ 38. Kg1 Qe3+ 39. Kh2 Qxe4 40.
Qd2 Qh4+ 41. Kg2 Qg4+ 42. Kh2 Qxa4 43. Rb4 Qd7 44. Rh4 h5 45. Qg5 Qf5 46. Qxf5
Rxf5 47. Rb4 Rf7 48. Rb6 Rd7 49. c4 Kh6 50. Kg3 Kg5 51. Kf3 Kf5 52. Rb1 Rc7 53.
Rc1 b5 54. c5 Rxc5 0-1

[Event "Campeonato de España Universitario 2011"]
[Site "Alicante ESP"]
[Date "2011.05.10"]
[Round "8.6"]
[White "Camacho Collados, Jose"]
[Black "Valmaña Canto, Jaime"]
[Result "1/2-1/2"]
[WhiteElo "2380"]
[BlackElo "2335"]
[PlyCount "122"]
[EventDate "2011.05.09"]
[EventType "swiss"]
[EventRounds "9"]
[EventCountry "ESP"]
[Source "lmi"]
[SourceDate "2011.05.09"]

1. Nf3 Nf6 2. c4 c6 3. g3 g6 4. Bg2 Bg7 5. O-O O-O 6. d4 d5 7. cxd5 cxd5 8. Nc3
e6 9. Ne5 Nfd7 10. Bf4 Nxe5 11. Bxe5 Bxe5 12. dxe5 Nc6 13. f4 Qb6+ 14. Kh1 Qxb2
15. Rf3 Qb4 16. Rb1 Qc5 17. Nb5 f6 18. exf6 Rxf6 19. Rc3 Qe7 20. Nd4 Nd8 21.
Rbc1 Bd7 22. Rc7 Qd6 23. Nf3 Bc6 24. Qd4 Qxc7 25. Qxf6 Qg7 26. Qe5 Qxe5 27.
Nxe5 Rc8 28. e4 dxe4 29. Nxc6 Rxc6 30. Rd1 Nf7 31. Bxe4 Rc7 32. Kg2 Kf8 33. h4
Ke7 34. h5 Nd6 35. Bd3 Nf5 36. Rh1 Rc3 37. hxg6 hxg6 38. Rh7+ Kd6 39. Bxf5 gxf5
40. Rxb7 Rc2+ 41. Kh3 Rxa2 42. Kh4 a5 43. Ra7 a4 44. Kg5 Ra3 45. Kf6 Rxg3 46.
Rxa4 Re3 47. Rd4+ Kc5 48. Rd1 Re4 49. Kg5 Rd4 50. Re1 Re4 51. Rd1 Kc4 52. Rd6
Kc3 53. Rd1 Kc2 54. Rd6 Kc3 55. Rd1 Kc4 56. Rd6 Kc5 57. Rd1 Rd4 58. Re1 Kd6 59.
Kf6 Rxf4 60. Rxe6+ Kd5 61. Re5+ Kd4 1/2-1/2

[Event "Campeonato de España Universitario 2011"]
[Site "Alicante ESP"]
[Date "2011.05.10"]
[Round "8.7"]
[White "Rabadan Velasco, Raul"]
[Black "Jimenez Martinez, Jose Vicente"]
[Result "1-0"]
[WhiteElo "2353"]
[BlackElo "2279"]
[PlyCount "59"]
[EventDate "2011.05.09"]
[EventType "swiss"]
[EventRounds "9"]
[EventCountry "ESP"]
[Source "lmi"]
[SourceDate "2011.05.09"]

1. e4 d6 2. Nc3 g6 3. Bc4 Nf6 4. f4 Bg7 5. Nf3 c6 6. Bb3 O-O 7. O-O Na6 8. Qe1
Nc5 9. d4 Nxb3 10. axb3 Bg4 11. Qh4 Bxf3 12. Rxf3 e5 13. dxe5 dxe5 14. f5 gxf5
15. Rxf5 Ne8 16. Qg3 f6 17. Be3 Rf7 18. Qh3 Qd7 19. Qh4 Bf8 20. Raf1 Rd8 21.
Ne2 Qe7 22. Ng3 Rg7 23. R5f3 Rg6 24. Nf5 Qf7 25. Qh3 b6 26. Nh4 Qd7 27. Rf5 Qe6
28. Nxg6 hxg6 29. Rxf6 Qxh3 30. Rxf8+ 1-0

[Event "Campeonato de España Universitario 2011"]
[Site "Alicante ESP"]
[Date "2011.05.10"]
[Round "8.8"]
[White "Lara Lopez, Jose"]
[Black "Fernandez Barrera, Victor"]
[Result "1-0"]
[WhiteElo "2231"]
[BlackElo "2327"]
[PlyCount "69"]
[EventDate "2011.05.09"]
[EventType "swiss"]
[EventRounds "9"]
[EventCountry "ESP"]
[Source "lmi"]
[SourceDate "2011.05.09"]

1. e4 c5 2. Nc3 Nc6 3. f4 g6 4. Nf3 Bg7 5. Bc4 e6 6. e5 d6 7. exd6 Qxd6 8. d3
Nf6 9. O-O O-O 10. Qe1 a6 11. a4 b6 12. Qh4 Nd4 13. Rf2 Bb7 14. Nxd4 cxd4 15.
Nd1 b5 16. Bb3 h5 17. Re2 Nd7 18. Nf2 Nc5 19. Ba2 Rfc8 20. a5 Re8 21. Qg5 Rac8
22. Rb1 Nd7 23. Qg3 Nf6 24. Ne4 Qc7 25. Bb3 Nxe4 26. dxe4 Qxa5 27. f5 d3 28.
cxd3 Qb4 29. fxg6 fxg6 30. Ba2 Kh7 31. Be3 Rcd8 32. Qc7 Ba8 33. Rf2 Rf8 34. Bc5
Qa4 35. Bxf8 1-0

[Event "Campeonato de España Universitario 2011"]
[Site "Alicante ESP"]
[Date "2011.05.10"]
[Round "8.9"]
[White "Torres Ventosa, Pedro Eugenio"]
[Black "Garcia Rodriguez, Victor"]
[Result "1-0"]
[WhiteElo "2319"]
[BlackElo "2234"]
[PlyCount "67"]
[EventDate "2011.05.09"]
[EventType "swiss"]
[EventRounds "9"]
[EventCountry "ESP"]
[Source "lmi"]
[SourceDate "2011.05.09"]

1. e4 e5 2. Nf3 Nc6 3. Bb5 a6 4. Ba4 Nf6 5. d3 b5 6. Bb3 Be7 7. c3 d6 8. Nbd2
O-O 9. Nf1 Be6 10. Ng3 d5 11. Bc2 Bd6 12. O-O Qe7 13. h3 Rad8 14. Bg5 Qd7 15.
Bxf6 gxf6 16. Nh5 Kh8 17. exd5 Bxd5 18. Nxf6 Qe6 19. Nxd5 Rg8 20. Ne3 Qxh3 21.
d4 exd4 22. Bf5 Qh5 23. cxd4 Rg7 24. Ne5 Qh4 25. N3g4 Nxe5 26. dxe5 Bxe5 27.
Qe2 Bd6 28. g3 Qg5 29. Qe4 Rdg8 30. Kg2 Qd8 31. Rh1 Re8 32. Qd4 Qa8+ 33. Kg1 f6
34. Qxf6 1-0

[Event "Campeonato de España Universitario 2011"]
[Site "Alicante ESP"]
[Date "2011.05.10"]
[Round "8.10"]
[White "Garcia Brion, Eduardo"]
[Black "Pazos Porta, Antonio"]
[Result "1-0"]
[WhiteElo "2191"]
[BlackElo "2318"]
[PlyCount "49"]
[EventDate "2011.05.09"]
[EventType "swiss"]
[EventRounds "9"]
[EventCountry "ESP"]
[Source "lmi"]
[SourceDate "2011.05.09"]

1. e4 e6 2. d4 d5 3. Nd2 Nf6 4. e5 Nfd7 5. Bd3 c5 6. c3 Nc6 7. Ndf3 cxd4 8.
cxd4 f6 9. exf6 Nxf6 10. Nh3 Bd6 11. O-O O-O 12. Re1 Qc7 13. Nhg5 e5 14. dxe5
Nxe5 15. Bxh7+ Kh8 16. Rxe5 Bxe5 17. Nh4 Nxh7 18. Ng6+ Kg8 19. Qxd5+ Rf7 20.
Nxe5 Nxg5 21. Bxg5 Bf5 22. Rc1 Rd8 23. Qxd8+ Qxd8 24. Bxd8 Rf8 25. Bg5 1-0

[Event "Campeonato de España Universitario 2011"]
[Site "Alicante ESP"]
[Date "2011.05.10"]
[Round "8.11"]
[White "Chueca Forcen, Alberto"]
[Black "Mayans Calvo, Mariano"]
[Result "0-1"]
[WhiteElo "2311"]
[BlackElo "2230"]
[PlyCount "188"]
[EventDate "2011.05.09"]
[EventType "swiss"]
[EventRounds "9"]
[EventCountry "ESP"]
[Source "lmi"]
[SourceDate "2011.05.09"]

1. d4 Nf6 2. Bg5 e6 3. e4 d5 4. e5 h6 5. Bh4 g5 6. Bg3 Ne4 7. Bd3 c5 8. Bxe4
dxe4 9. dxc5 Qxd1+ 10. Kxd1 Na6 11. Nc3 Nxc5 12. b4 Nd7 13. Nxe4 Bxb4 14. h4 g4
15. Ne2 b6 16. Rb1 Be7 17. N2c3 Bb7 18. Re1 O-O-O 19. Ke2 Ba6+ 20. Ke3 f5 21.
exf6 Nxf6 22. Be5 Nxe4 23. Nxe4 Rhf8 24. Rb3 Kb7 25. Rc3 Rd7 26. Rb1 Rf5 27.
Bg3 Bf8 28. Bf4 Bg7 29. Rb4 Bxc3 30. Nxc3 Rc5 31. Ne4 Rxc2 32. Bxh6 e5 33. Ng3
Rd3+ 34. Ke4 Rxf2 35. Nf5 Rxg2 36. Kxe5 g3 37. Rg4 Re2+ 38. Kf4 Rf2+ 39. Ke4 g2
40. Rg7+ Kc8 41. Ne7+ Kd7 42. Nd5+ Kd6 43. Rg6+ Kd7 44. Rg7+ Ke6 45. Nf4+ Rxf4+
46. Bxf4 Rh3 47. Rg6+ Kf7 48. Rg5 Rxh4 49. Ke3 Bb7 50. Bb8 Ra4 51. Be5 Ra3+ 52.
Kf2 Rf3+ 53. Ke2 Ra3 54. Bd4 Rxa2+ 55. Kd3 Ba6+ 56. Kc3 Bf1 57. Kb3 Rd2 58. Bc3
Rd7 59. Be1 Ke6 60. Bf2 Kf6 61. Rg8 Kf5 62. Kc3 Ke4 63. Bg1 Rc7+ 64. Kd2 Rd7+
65. Kc3 Rd1 66. Re8+ Kf5 67. Rf8+ Ke6 68. Rg8 Kd7 69. Rg7+ Kc6 70. Rg6+ Kb5 71.
Rg5+ Ka6 72. Bf2 Rd3+ 73. Kb4 Rd2 74. Be3 Rb2+ 75. Kc3 Rb5 76. Rg7 Re5 77. Bd4
Rf5 78. Rg4 Kb5 79. Rg7 Rf3+ 80. Kb2 Rd3 81. Bg1 a5 82. Rg6 a4 83. Rxb6+ Kc4
84. Rc6+ Kd5 85. Rc3 Rd1 86. Rc1 a3+ 87. Kc2 Rd3 88. Re1 Rf3 89. Kb1 Bc4 90.
Rd1+ Kc6 91. Rc1 Rf1 92. Kc2 a2 93. Bd4 Rxc1+ 94. Kxc1 a1=Q+ 0-1

[Event "Campeonato de España Universitario 2011"]
[Site "Alicante ESP"]
[Date "2011.05.10"]
[Round "8.12"]
[White "Hidalgo Duque, Carlos"]
[Black "Vega Gutierrez, Sabrina"]
[Result "1/2-1/2"]
[WhiteElo "2134"]
[BlackElo "2306"]
[PlyCount "91"]
[EventDate "2011.05.09"]
[EventType "swiss"]
[EventRounds "9"]
[EventCountry "ESP"]
[Source "lmi"]
[SourceDate "2011.05.09"]

1. d4 d5 2. c4 e6 3. Nf3 c6 4. Nc3 dxc4 5. a4 Bb4 6. e3 Nf6 7. Be2 b5 8. axb5
cxb5 9. Qc2 Bxc3+ 10. Qxc3 Bb7 11. b3 a5 12. bxc4 b4 13. Qc2 Nbd7 14. Bb2 O-O
15. O-O Qb8 16. Qb3 Qc8 17. Qc2 Qd8 18. Bd3 Re8 19. Ne5 h6 20. f4 Qc7 21. Rfc1
Reb8 22. c5 b3 23. Qd2 Be4 24. c6 Nf8 25. Rc5 a4 26. Ra3 Bxd3 27. Qxd3 Nd5 28.
Rc4 f6 29. Nf3 Nb4 30. Qd2 Nc2 31. Raxa4 Rxa4 32. Rxa4 Qxc6 33. Ra5 Qe4 34. Kf2
Nd7 35. d5 Nb6 36. Rb5 Qc4 37. Qe2 exd5 38. Nd2 Qxe2+ 39. Kxe2 Nd7 40. Rxb8+
Nxb8 41. Nxb3 Nc6 42. Bc3 Kf7 43. Na5 Nxa5 44. Bxa5 Ke6 45. Kd3 Na3 46. Bc3
1/2-1/2

[Event "Campeonato de España Universitario 2011"]
[Site "Alicante ESP"]
[Date "2011.05.10"]
[Round "8.13"]
[White "Escofet Martin, David"]
[Black "Fernandez Borrego, Pablo"]
[Result "0-1"]
[WhiteElo "2185"]
[BlackElo "2302"]
[PlyCount "100"]
[EventDate "2011.05.09"]
[EventType "swiss"]
[EventRounds "9"]
[EventCountry "ESP"]
[Source "lmi"]
[SourceDate "2011.05.09"]

1. e4 e6 2. d4 d5 3. Bd3 Nf6 4. e5 Nfd7 5. Nf3 c5 6. c3 Nc6 7. O-O Qb6 8. dxc5
Bxc5 9. b4 Be7 10. Qe2 a6 11. Bf4 f6 12. exf6 Nxf6 13. Nbd2 O-O 14. Ng5 Nd8 15.
Be5 h6 16. Ngf3 Nc6 17. Bc2 Nxe5 18. Nxe5 Bd7 19. a4 Rac8 20. Qd3 Qc7 21. Ng6
Rfe8 22. Nxe7+ Rxe7 23. c4 dxc4 24. Qh3 e5 25. Qg3 b5 26. axb5 axb5 27. Ne4
Nxe4 28. Bxe4 Bc6 29. Bf5 Rf8 30. Qg6 Rf6 31. Qh7+ Kf7 32. Rfd1 e4 33. g4 Qe5
34. Ra3 c3 35. Rd8 Be8 36. Rxe8 Rxe8 37. Ra7+ Re7 38. Ra8 Rc6 39. Qg8+ Kf6 40.
h4 Qc7 41. Rf8+ Ke5 42. Rd8 Rd6 43. Rc8 Qb7 44. Rxc3 Rd1+ 45. Kh2 e3 46. Rc5+
Kf4 47. Be4 Qxe4 48. Rf5+ Qxf5 49. gxf5 exf2 50. Qb8+ Re5 0-1

[Event "Campeonato de España Universitario 2011"]
[Site "Alicante ESP"]
[Date "2011.05.10"]
[Round "8.14"]
[White "Senlle Caride, Miguel"]
[Black "Gimeno Higueras, Roberto"]
[Result "1-0"]
[WhiteElo "2271"]
[BlackElo "2160"]
[PlyCount "84"]
[EventDate "2011.05.09"]
[EventType "swiss"]
[EventRounds "9"]
[EventCountry "ESP"]
[Source "lmi"]
[SourceDate "2011.05.09"]

1. e4 c6 2. d4 d5 3. Nd2 dxe4 4. Nxe4 Bf5 5. Ng3 Bg6 6. Nf3 Nd7 7. h4 h6 8. h5
Bh7 9. Bd3 Bxd3 10. Qxd3 Qc7 11. Bd2 Ngf6 12. O-O-O e6 13. Ne4 Nxe4 14. Qxe4
Nf6 15. Qe2 O-O-O 16. Kb1 Kb8 17. Rh4 Ka8 18. Ne5 Bd6 19. Nd3 Rhe8 20. Re1 Rd7
21. Ne5 Bxe5 22. dxe5 Qd8 23. Bc1 Nd5 24. Rg4 f5 25. exf6 Nxf6 26. Rg6 Qa5 27.
Bxh6 Nxh5 28. Bc1 Nf6 29. Rg5 Qa6 30. Qxa6 bxa6 31. Rge5 Rde7 32. Bg5 Kb7 33.
f4 Kc7 34. c3 Rd7 35. Kc2 Rd6 36. f5 Nd7 37. Rxe6 Rdxe6 38. fxe6 Nf6 39. Bf4+
Kd8 40. Bd6 Nd5 41. Bc5 Nc7 42. Be3 Rh8 1-0

[Event "Campeonato de España Universitario 2011"]
[Site "Alicante ESP"]
[Date "2011.05.10"]
[Round "8.15"]
[White "Ibarra Jerez, Juan Miguel"]
[Black "Soto, Diaz Jose Antonio"]
[Result "1-0"]
[WhiteElo "2264"]
[BlackElo "1948"]
[PlyCount "69"]
[EventDate "2011.05.09"]
[EventType "swiss"]
[EventRounds "9"]
[EventCountry "ESP"]
[Source "lmi"]
[SourceDate "2011.05.09"]

1. e4 e5 2. Nf3 Nc6 3. Bb5 a6 4. Ba4 Nf6 5. O-O Be7 6. Re1 b5 7. Bb3 O-O 8. a4
b4 9. d3 d6 10. Nbd2 Re8 11. Nf1 Bg4 12. h3 Bh5 13. Ng3 Bg6 14. Be3 a5 15. Qd2
d5 16. Qd1 Bf8 17. Bg5 dxe4 18. dxe4 Be7 19. Qe2 Nd4 20. Nxd4 Qxd4 21. Rad1 Qb6
22. h4 h6 23. Bxf6 Qxf6 24. h5 Bh7 25. Rd3 Rf8 26. Rf3 Qb6 27. Rd1 Bf6 28. Qc4
c5 29. Rd5 Rac8 30. Rfd3 Rc7 31. Rd6 Qb7 32. R3d5 Bg5 33. Ra6 Ra8 34. Rxc5 Rxc5
35. Qxf7+ 1-0

[Event "Campeonato de España Universitario 2011"]
[Site "Alicante ESP"]
[Date "2011.05.11"]
[Round "9.1"]
[White "Almagro Llamas, Pablo"]
[Black "Vila Gazquez, Xavier"]
[Result "1/2-1/2"]
[WhiteElo "2465"]
[BlackElo "2494"]
[PlyCount "26"]
[EventDate "2011.05.09"]
[EventType "swiss"]
[EventRounds "9"]
[EventCountry "ESP"]
[Source "lmi"]
[SourceDate "2011.05.09"]

1. e4 c6 2. d4 d5 3. exd5 cxd5 4. Bd3 Nc6 5. c3 Nf6 6. Nf3 g6 7. Bf4 Bf5 8.
Bxf5 gxf5 9. Ne5 e6 10. Nd2 Nxe5 11. Bxe5 Bd6 12. Nf3 Bxe5 13. Nxe5 Nd7 1/2-1/2

[Event "Campeonato de España Universitario 2011"]
[Site "Alicante ESP"]
[Date "2011.05.11"]
[Round "9.2"]
[White "Rubio Mejia, Luis Ignacio"]
[Black "Antoli Royo, Joaquin Miguel"]
[Result "1-0"]
[WhiteElo "2403"]
[BlackElo "2434"]
[PlyCount "48"]
[EventDate "2011.05.09"]
[EventType "swiss"]
[EventRounds "9"]
[EventCountry "ESP"]
[Source "lmi"]
[SourceDate "2011.05.09"]

1. d4 Nf6 2. c4 d6 3. Nf3 Bf5 4. Nc3 Nbd7 5. g3 h6 6. Bg2 c6 7. O-O e5 8. Re1
Be7 9. e4 Bh7 10. Nh4 O-O 11. Nf5 Bxf5 12. exf5 Re8 13. d5 c5 14. h4 Qc8 15. b3
Qd8 16. Bd2 Rb8 17. a4 a6 18. a5 Rc8 19. Be4 Nxe4 20. Nxe4 Nf6 21. Kg2 Nxe4 22.
Rxe4 Rb8 23. Bxh6 gxh6 24. Qh5 Bf8 1-0

[Event "Campeonato de España Universitario 2011"]
[Site "Alicante ESP"]
[Date "2011.05.11"]
[Round "9.3"]
[White "Aloma Vidal, Robert"]
[Black "Pena Gomez, Manuel"]
[Result "0-1"]
[WhiteElo "2426"]
[BlackElo "2421"]
[PlyCount "80"]
[EventDate "2011.05.09"]
[EventType "swiss"]
[EventRounds "9"]
[EventCountry "ESP"]
[Source "lmi"]
[SourceDate "2011.05.09"]

1. Nf3 Nf6 2. c4 c5 3. g3 Nc6 4. Bg2 g6 5. b3 Bg7 6. Bb2 O-O 7. O-O d6 8. Nc3
Bd7 9. d4 cxd4 10. Nxd4 Nxd4 11. Qxd4 Bc6 12. Nd5 Bxd5 13. Bxd5 Qc7 14. Bg2 a6
15. Rac1 Rfc8 16. Qd3 Rab8 17. Bd4 Nd7 18. Bxg7 Kxg7 19. b4 b5 20. c5 dxc5 21.
Rfd1 Ne5 22. Qc3 Kg8 23. Rd5 Nc4 24. Rxc5 Qd6 25. Rd5 Qe6 26. Qe1 Nd6 27. Bf3
Rc4 28. Rxc4 bxc4 29. Qc3 Rb5 30. Rc5 Rxc5 31. bxc5 Nb5 32. Qc1 Nd4 33. Qd2 Qf6
34. c6 c3 35. Qe3 Nxf3+ 36. exf3 Qxc6 37. Kf1 Qb5+ 38. Ke1 Qb1+ 39. Ke2 c2 40.
Qxe7 Qb2 0-1

[Event "Campeonato de España Universitario 2011"]
[Site "Alicante ESP"]
[Date "2011.05.11"]
[Round "9.4"]
[White "Alsina Leal, Daniel"]
[Black "Torres Ventosa, Pedro Eugenio"]
[Result "1-0"]
[WhiteElo "2545"]
[BlackElo "2319"]
[PlyCount "95"]
[EventDate "2011.05.09"]
[EventType "swiss"]
[EventRounds "9"]
[EventCountry "ESP"]
[Source "lmi"]
[SourceDate "2011.05.09"]

1. e4 d6 2. d4 Nf6 3. Nc3 e5 4. Nf3 Nbd7 5. Bc4 Be7 6. O-O O-O 7. Re1 c6 8. a4
b6 9. Ba2 a6 10. Qd3 Rb8 11. Ne2 c5 12. c3 d5 13. Nxe5 c4 14. Nxc4 dxc4 15.
Bxc4 Bb7 16. Ng3 Rc8 17. Bxa6 Bxa6 18. Qxa6 g6 19. Qb5 Ne8 20. Bh6 Nd6 21. Qe2
Re8 22. Rad1 Bg5 23. Bxg5 Qxg5 24. e5 h5 25. Qf3 Nf5 26. Nxf5 Qxf5 27. Qxf5
gxf5 28. Rd3 Kh7 29. Kf1 Kg6 30. Rg3+ Kh6 31. f4 Rg8 32. e6 Nf6 33. Rxg8 Rxg8
34. exf7 Rf8 35. Re6 Rxf7 36. Rxb6 Kg7 37. g3 Nd5 38. Rb5 Rd7 39. Ke2 Kg6 40.
Kd3 Nf6 41. Rb6 Kg7 42. a5 Nd5 43. Rb5 Kg6 44. a6 Rd6 45. a7 Nc7 46. Rb7 Na8
47. Rb8 Nc7 48. Rc8 1-0

[Event "Campeonato de España Universitario 2011"]
[Site "Alicante ESP"]
[Date "2011.05.11"]
[Round "9.5"]
[White "Valmaña Canto, Jaime"]
[Black "Espinosa Aranda, Angel"]
[Result "1/2-1/2"]
[WhiteElo "2335"]
[BlackElo "2399"]
[PlyCount "80"]
[EventDate "2011.05.09"]
[EventType "swiss"]
[EventRounds "9"]
[EventCountry "ESP"]
[Source "lmi"]
[SourceDate "2011.05.09"]

1. e4 c5 2. Nc3 Nc6 3. Bb5 Nd4 4. Bc4 e6 5. Nf3 Nf6 6. O-O a6 7. d3 Qc7 8. a4
Ng4 9. g3 Nxf3+ 10. Qxf3 Ne5 11. Qe2 Be7 12. Bd2 h5 13. a5 Nc6 14. Rfe1 h4 15.
Nd5 Qd8 16. Bc3 Nd4 17. Bxd4 cxd4 18. Nxe7 Qxe7 19. Qg4 Qf6 20. e5 Qh6 21. Kf1
hxg3 22. hxg3 b5 23. axb6 Bb7 24. Ke2 Qh5 25. Qxh5 Rxh5 26. Kd2 Rh2 27. Ke2 Rh5
28. Ra5 d5 29. Bxa6 Rxe5+ 30. Kd2 Rxe1 31. Bb5+ Ke7 32. Rxa8 Bxa8 33. Kxe1 Kd6
34. b4 Bb7 35. Ke2 e5 36. f3 f6 37. Kf2 g5 38. Kg2 Bc8 39. Kf2 Bb7 40. Kg2 Bc8
1/2-1/2

[Event "Campeonato de España Universitario 2011"]
[Site "Alicante ESP"]
[Date "2011.05.11"]
[Round "9.6"]
[White "Camacho Collados, Jose"]
[Black "Lara Lopez, Jose"]
[Result "0-1"]
[WhiteElo "2380"]
[BlackElo "2231"]
[PlyCount "101"]
[EventDate "2011.05.09"]
[EventType "swiss"]
[EventRounds "9"]
[EventCountry "ESP"]
[Source "lmi"]
[SourceDate "2011.05.09"]

1. g3 e5 2. c4 Nc6 3. Bg2 g6 4. Nc3 Bg7 5. e3 d6 6. Nge2 f5 7. Rb1 Nf6 8. b4 e4
9. O-O Ne5 10. c5 Nd3 11. f3 d5 12. Ba3 O-O 13. Nf4 d4 14. Nce2 Nxf4 15. Nxf4
g5 16. Qb3+ Kh8 17. Ne6 Bxe6 18. Qxe6 dxe3 19. dxe3 Qd5 20. Qxd5 Nxd5 21. Bc1
Nc3 22. Rb2 Rad8 23. Rc2 c6 24. fxe4 fxe4 25. Rxf8+ Rxf8 26. h3 Rd8 27. Bd2 Rd3
28. Bf1 Nb1 29. Bc1 Rc3 30. Rxc3 Bxc3 31. a3 Nd2 32. Bg2 Nb3 33. Bxe4 Nxc1 34.
b5 Nb3 35. bxc6 bxc6 36. Bxc6 Nxc5 37. Kf2 Kg7 38. Kf3 Kf6 39. Kg4 a5 40. a4
Bd2 41. Kf3 Ke5 42. h4 gxh4 43. gxh4 h6 44. Be8 Nb7 45. Bc6 Nd6 46. Bd7 Nf5 47.
Ke2 Bb4 48. Bxf5 Kxf5 49. Kd3 Kg4 50. e4 Kxh4 51. Ke3 0-1

[Event "Campeonato de España Universitario 2011"]
[Site "Alicante ESP"]
[Date "2011.05.11"]
[Round "9.7"]
[White "Mayans Calvo, Mariano"]
[Black "Rabadan Velasco, Raul"]
[Result "0-1"]
[WhiteElo "2230"]
[BlackElo "2353"]
[PlyCount "81"]
[EventDate "2011.05.09"]
[EventType "swiss"]
[EventRounds "9"]
[EventCountry "ESP"]
[Source "lmi"]
[SourceDate "2011.05.09"]

1. c4 b6 2. e4 Bb7 3. Nc3 e6 4. g3 f5 5. Bg2 Nf6 6. f3 fxe4 7. fxe4 Bb4 8. Nge2
O-O 9. O-O e5 10. Kh1 Ng4 11. Bf3 Qg5 12. d3 Qh5 13. Bxg4 Rxf1+ 14. Qxf1 Qxg4
15. a3 Bd6 16. Be3 Na6 17. h3 Qe6 18. b4 c6 19. g4 Rf8 20. Qg2 Be7 21. Ng3 Nc7
22. Nf5 Bd8 23. Rf1 d5 24. cxd5 cxd5 25. Bc1 dxe4 26. Nxe4 Qd5 27. Qf3 Ne6 28.
Kh2 g6 29. Nh6+ Kg7 30. Nf5+ gxf5 31. gxf5 Nf4 32. Rg1+ Kf7 33. Bxf4 exf4 34.
Qh5+ Ke7 35. Qxh7+ Rf7 36. Qg6 Bc7 37. Re1 f3+ 38. Kh1 Kd7 39. Qg8 f2 40. Rd1
Qxf5 41. Rf1 0-1

[Event "Campeonato de España Universitario 2011"]
[Site "Alicante ESP"]
[Date "2011.05.11"]
[Round "9.8"]
[White "Garcia Brion, Eduardo"]
[Black "Camacho Collados, Marcos"]
[Result "0-1"]
[WhiteElo "2191"]
[BlackElo "2376"]
[PlyCount "76"]
[EventDate "2011.05.09"]
[EventType "swiss"]
[EventRounds "9"]
[EventCountry "ESP"]
[Source "lmi"]
[SourceDate "2011.05.09"]

1. e4 d6 2. Bc4 Nf6 3. Qe2 e6 4. Bb3 Nc6 5. c3 g6 6. d3 Bg7 7. f4 d5 8. e5 Nd7
9. Nf3 b6 10. Be3 Ba6 11. Bf2 Ne7 12. Bh4 O-O 13. c4 dxc4 14. dxc4 Nc5 15. Bc2
Bb7 16. Nc3 a5 17. Rd1 Qe8 18. O-O Nf5 19. Bxf5 gxf5 20. Qf2 Kh8 21. Bf6 Bxf6
22. exf6 Rg8 23. Nb5 Rc8 24. Qh4 Rg4 25. Qh6 Qg8 26. Rd2 Ne4 27. Re2 Rg6 28.
Qh4 Nxf6 29. g3 Qf8 30. Ne5 Qc5+ 31. Rff2 Ng4 32. Nxg6+ fxg6 33. h3 Nxf2 34.
Qf6+ Kg8 35. Qxe6+ Kg7 36. Qd7+ Kh6 37. Rxf2 Qe3 38. g4 Qe1+ 0-1

[Event "Campeonato de España Universitario 2011"]
[Site "Alicante ESP"]
[Date "2011.05.11"]
[Round "9.9"]
[White "Pallardo Lozoya, Jose Vicente"]
[Black "Ibarra Jerez, Juan Miguel"]
[Result "0-1"]
[WhiteElo "2365"]
[BlackElo "2264"]
[PlyCount "82"]
[EventDate "2011.05.09"]
[EventType "swiss"]
[EventRounds "9"]
[EventCountry "ESP"]
[Source "lmi"]
[SourceDate "2011.05.09"]

1. f4 g6 2. g3 Bg7 3. Bg2 d5 4. Nf3 Nc6 5. O-O Nf6 6. d3 O-O 7. Qe1 Qd6 8. c3
e5 9. fxe5 Nxe5 10. Nxe5 Qxe5 11. Bf4 Qh5 12. Nd2 Re8 13. Nf3 Bh3 14. Qd2 Re7
15. Rae1 Rae8 16. Bg5 h6 17. Bxf6 Bxf6 18. e3 Bg4 19. Rf2 c6 20. b3 Bxf3 21.
Bxf3 Qe5 22. d4 Qd6 23. Qd3 Bg5 24. Rfe2 f5 25. c4 dxc4 26. bxc4 c5 27. Kg2 Bf6
28. Bd5+ Kg7 29. Kf3 Re4 30. Qb3 cxd4 31. exd4 Rxe2 32. Rxe2 Rxe2 33. Kxe2 b6
34. Kd3 h5 35. Qa4 Qe7 36. Qc6 Qe1 37. Qc7+ Kh6 38. Qf4+ Bg5 39. Qc7 Bf6 40.
Bf3 Qf1+ 41. Be2 Qb1+ 0-1

[Event "Campeonato de España Universitario 2011"]
[Site "Alicante ESP"]
[Date "2011.05.11"]
[Round "9.10"]
[White "Vega Gutierrez, Sabrina"]
[Black "Rosa Cintas, Raul"]
[Result "1-0"]
[WhiteElo "2306"]
[BlackElo "2164"]
[PlyCount "51"]
[EventDate "2011.05.09"]
[EventType "swiss"]
[EventRounds "9"]
[EventCountry "ESP"]
[Source "lmi"]
[SourceDate "2011.05.09"]

1. e4 d5 2. exd5 Qxd5 3. Nf3 Bg4 4. Be2 Nc6 5. d4 O-O-O 6. c4 Qf5 7. Be3 e5 8.
d5 Bb4+ 9. Nbd2 Bxd2+ 10. Qxd2 Nf6 11. O-O-O e4 12. Nd4 Nxd4 13. Bxg4 Nxg4 14.
Qxd4 Rd6 15. c5 Rg6 16. c6 Nxe3 17. Qxa7 bxc6 18. fxe3 Kd7 19. dxc6+ Ke6 20.
Qxc7 Qc5+ 21. Kb1 Rxg2 22. Qd7+ Ke5 23. Rc1 Qb4 24. b3 Qa3 25. Qd4+ Ke6 26.
Qxe4+ 1-0

[Event "Campeonato de España Universitario 2011"]
[Site "Alicante ESP"]
[Date "2011.05.11"]
[Round "9.11"]
[White "Fernandez Borrego, Pablo"]
[Black "Hidalgo Duque, Carlos"]
[Result "1-0"]
[WhiteElo "2302"]
[BlackElo "2134"]
[PlyCount "57"]
[EventDate "2011.05.09"]
[EventType "swiss"]
[EventRounds "9"]
[EventCountry "ESP"]
[Source "lmi"]
[SourceDate "2011.05.09"]

1. e4 c5 2. Nf3 d6 3. Nc3 Nf6 4. g3 Nc6 5. Bg2 e6 6. O-O Be7 7. d4 cxd4 8. Nxd4
a6 9. a4 Qc7 10. Nb3 b6 11. f4 O-O 12. g4 Re8 13. g5 Nd7 14. Rf3 g6 15. Rh3 Nc5
16. Nxc5 bxc5 17. Be3 Rb8 18. b3 Bf8 19. f5 Ne5 20. Qe1 d5 21. Qh4 h5 22. gxh6
d4 23. h7+ Kh8 24. Bg5 Nd7 25. fxe6 fxe6 26. Ne2 e5 27. Rf1 Nb6 28. Rxf8+ Rxf8
29. Bf6+ 1-0

[Event "Campeonato de España Universitario 2011"]
[Site "Alicante ESP"]
[Date "2011.05.11"]
[Round "9.12"]
[White "Martinez Fernandez, Silverio J"]
[Black "Senlle Caride, Miguel"]
[Result "0-1"]
[WhiteElo "2063"]
[BlackElo "2271"]
[PlyCount "70"]
[EventDate "2011.05.09"]
[EventType "swiss"]
[EventRounds "9"]
[EventCountry "ESP"]
[Source "lmi"]
[SourceDate "2011.05.09"]

1. Nc3 c5 2. e4 a6 3. a4 e6 4. Nge2 Nc6 5. g3 Qc7 6. Bg2 Nf6 7. O-O Be7 8. d4
cxd4 9. Nxd4 O-O 10. Re1 d6 11. Nce2 e5 12. Nb3 Be6 13. Bg5 h6 14. Bxf6 Bxf6
15. Nd2 b5 16. Nf1 bxa4 17. Rxa4 Rab8 18. Rxa6 Nb4 19. Ra3 Qxc2 20. Qxc2 Nxc2
21. Rd1 Nxa3 22. bxa3 Rb2 23. Nc3 Rc8 24. Na4 Ra2 25. Ne3 Bb3 26. Nb6 Rc6 27.
Nbd5 Bxd1 28. Nxd1 Rc1 29. Bf3 Rxa3 30. N5e3 Bg5 31. Kg2 Ra2 32. h4 Bd8 33. Nd5
Ba5 34. N1e3 Be1 35. Bg4 Bxf2 0-1